Geography Quiz

Random Geography or World Quiz
Score 0/16 Timer 04:00
4 Plays Today
% Correct
France
98.1%
United Kingdom
97.7%
Ireland
91.9%
Norway
91.3%
Japan
91.1%
Saudi Arabia
83.3%
Australia
68.4%
Bosnia and Herzegovina
67.8%
% Correct
Sri Lanka
67.4%
Canada
64.8%
Seychelles
58.7%
Cameroon
54.9%
Saint Lucia
47%
Zambia
44.1%
Croatia
39.8%
Namibia
31.9%
Remove Ads.
Support Sporcle.
Get the best of Sporcle when you Go Orange. This ad-free experience offers more features, more stats, and more fun while also helping to support Sporcle. Thank you for becoming a member.

You're not logged in!

Compare scores with friends on all Sporcle quizzes.
OR
Log In

Show Comments

Extras

Top Quizzes Today


Score Distribution

Your Account Isn't Verified!

In order to create a playlist on Sporcle, you need to verify the email address you used during registration. Go to your Sporcle Settings to finish the process.

Report this User

Report this user for behavior that violates our Community Guidelines.

Details: